Capitolo Generale ssp 13 aprile 1980 (Record n. 98231)

Dettagli MARC
000 -LEADER
fixed length control field 00545nam a22001577a 4500
003 - CONTROL NUMBER IDENTIFIER
control field IT-RoPau
005 - DATE AND TIME OF LATEST TRANSACTION
control field 20220918181102.0
008 - FIXED-LENGTH DATA ELEMENTS--GENERAL INFORMATION
fixed length control field 130313b xxu||||| |||| 00| 0 eng d
040 ## - CATALOGING SOURCE
Transcribing agency IT-RoPau
245 ## - TITLE STATEMENT
Title Capitolo Generale ssp 13 aprile 1980
Remainder of title bolletino di informazioni n° 6
250 ## - EDITION STATEMENT
Edition statement 1° ed
260 ## - PUBLICATION, DISTRIBUTION, ETC. (IMPRINT)
Place of publication, distribution, etc. Ariccia
Name of publisher, distributor, etc. SSP
Date of publication, distribution, etc. 1980
300 ## - PHYSICAL DESCRIPTION
Extent S.n.p.
Dimensions 29,5 cm
520 ## - SUMMARY, ETC.
Summary, etc. Indice<br/><br/>Le parole che Giovanni Paolo II ha rivolto ai Capitolari<br/>Lavori Capitolari<br/>Visita del Segretario della Sacra Congregazione dei Religiosi
942 ## - ADDED ENTRY ELEMENTS (KOHA)
Source of classification or shelving scheme Dewey Decimal Classification
Koha item type VARIE
Dati di copia
Withdrawn status Lost status Source of classification or shelving scheme Damaged status Not for loan Home library Current library Date acquired Total Checkouts Full call number Date last seen Price effective from Koha item type
    Dewey Decimal Classification Buone Condizioni Not For Loan PAULUS-BIBLIOTECA PAULUS-BIBLIOTECA 13/03/2013   P C1 13/03/2013 13/03/2013 VARIE
CREDITS: SOCIETA' SAN PAOLO Via A.Severo, 58 - ROMA (RM) & PERIODICI SAN PAOLO SRL Via Giotto, 36 MILANO & CISF Via Giotto, 36 MILANO & EDIZIONI SAN PAOLO SRL,  Piazza Soncino, 5 CINISELLO BALSAMO (MI) -- ITALY